000 00381nam a2200157Ia 4500
008 230917s9999||||xx |||||||||||||| ||und||
040 _e6876
_aMAIN
041 _aEnglish
082 _a320.509 S13H
100 _aSabine, George H
245 0 _aHistory of political theory
250 _a3rd ed.
260 _aLondon
_bGeorge Harrap
_c1966
300 _axi, 944 p.
942 _cBK
999 _c192245
_d192245